000 01276nam0a2200361 4500
001 RU\NLR\bibl\1823023
005 20250616161511.0
010 _a978-5-904456-81-8
_9130
021 _aRU
_b2011-73280
_95203
035 _a(nilc)RSL-KNO-005028170
035 _a(NLR Aleph) 001813571
090 _a1906082
_c1906082
100 _a20110919d2011 |||y0rusy50 ca
101 0 _arus
102 _aRU
105 _aa |||||||||
200 1 _aСерьезное о не серьезном, или Двадцатилетние похороны
_fКононихин В. С.
_g[ил. авт.]
210 _aЩелково, Московская обл.
_cОнтоПринт
_cиздатель Мархотин П.Ю.
_d2011
215 _a35 с.
_cил.
_d21
300 _aНа обл. авт. не указан
517 0 _aДвадцатилетние похороны
686 _aШ5(2=Р)75-651
_2rubbk
686 _aШ6(2=Р)8я44
700 1 _aКононихин
_bВ. С.
_gВладимир Сергеевич
_4070
801 0 _aRU
_bRuMoRKP
_c20110919
_grcr
801 1 _aRU
_bRuMoRGB
_c20110919
801 2 _aRU
_bNLR
_c20111019
_grcr
942 _cBOOK
980 _aNB
980 _aNBR